Fortaleciendo la democracia /
La crisis económica mundial desde el punto de vista de Bernardo Kliksberg. El economista argentino reflexiona, en veinticinco capítulos, sobre la exclusión, la reconstrucción del Estado, la idea del capital social, la ética, la construcción de una economía con rostro humano, entre otros temas. Una m...
Guardado en:
| Autor Principal: | |
|---|---|
| Autor Corporativo: | |
| Formato: | |
| Publicado: |
Argentina,
2012.
|
| Series: | El informe Kliksberg: Escándalos Âticos
DVD 2 |
| Materias: | |
| Acceso en línea: | https://www.educ.ar/recursos/103703/fortaleciendo-la-democracia |
| Etiquetas: |
Agregar Etiqueta
Sin Etiquetas, Sea el primero en etiquetar este registro!
|
| LEADER | 01377ngm a22003375g 4500 | ||
|---|---|---|---|
| 001 | CEM.cems023783 | ||
| 008 | 130507s2012##################0###0#####d | ||
| 005 | 20250702151717.0 | ||
| 245 | 1 | 0 | |a Fortaleciendo la democracia / |c Bernardo Kliksberg. |
| 260 | |a Argentina, |c 2012. | ||
| 300 | |a 27'. | ||
| 490 | 0 | |a El informe Kliksberg: Escándalos Âticos | |
| 490 | 1 | |a DVD 2 | |
| 538 | |a Soporte: DVD - Color: Si - Grabación DRD | ||
| 520 | |a La crisis económica mundial desde el punto de vista de Bernardo Kliksberg. El economista argentino reflexiona, en veinticinco capítulos, sobre la exclusión, la reconstrucción del Estado, la idea del capital social, la ética, la construcción de una economía con rostro humano, entre otros temas. Una mirada estadística y positiva para conocer soluciones posibles. | ||
| 500 | |a Consultar en ventanilla. | ||
| 100 | 1 | |a Kliksberg, Bernardo | |
| 710 | 2 | |a Canal Encuentro. | |
| 082 | 3 | 0 | |/ KLI-2 |
| 653 | |a SOCIEDAD | ||
| 653 | |a ESTADO | ||
| 653 | |a ECONOMIA | ||
| 653 | |a ECONOMIA POLÍTICA | ||
| 653 | |a POLITICA | ||
| 653 | |a DEMOCRACIA | ||
| 653 | |a PLURALISMO | ||
| 653 | |a IGUALDAD DE OPORTUNIDADES | ||
| 653 | |a EQUIDAD | ||
| 653 | |a SERIE DE TELEVISIÓN | ||
| 856 | |u https://www.educ.ar/recursos/103703/fortaleciendo-la-democracia | ||
| 859 | |a CEMS |b BIB. CEMS - Depto. Recursos Didacticos |h 301 |i KLI-2 |k DRD |p 2426.15 |t Ej.1 | ||
